000 00922nam a2200277 i 4500
001 135588
003 ES-MaACL
005 20251017111311.0
007 t|
008 070720s1969 sp ||||1| spa d
080 _a882 Dostoievski, Fiodor Mijailovich 1.06
080 _a929 Dostoievski, Fiodor Mijailovich
080 _a86 Pérez Galdós, Benito 1.06
080 _a929 Pérez Galdós, Benito
080 _a84 Stendhal 1.06
080 _a929 Stendhal
100 1 _aTorres Bodet, Jaime.
_9110929
245 1 0 _aTres inventores de realidad
_b: Stendhal, Dostoyevski, Pérez Galdós /
_cJaime Torres Bodet.
260 _aMadrid :
_bRevista de Occidente,
_c[1969]
300 _a248 ;
_c22 cm.
600 0 4 _aStendhal,
_d1783-1842
_9108086
600 1 4 _aDostoievski, Fiódor,
_d1821-1881
_9242371
600 1 4 _aPérez Galdós, Benito,
_d1843-1920
_990871
852 _aES-MaACL
_jC-36061
999 _c135588
_d135588